Hindi aur malayalam ke adhunik midhak kavya/ (Record no. 69612)

000 -LEADER
fixed length control field 00420nam a22001577a 4500
020 ## - INTERNATIONAL STANDARD BOOK NUMBER
ISBN 9789350722381
082 ## - DEWEY DECIMAL CLASSIFICATION NUMBER
Classification number H100 9
Item number SUR/H
100 ## - MAIN ENTRY--AUTHOR NAME
Personal name Surendran Nair
245 ## - TITLE STATEMENT
Title Hindi aur malayalam ke adhunik midhak kavya/
Statement of responsibility, etc by Surendran Nair
260 ## - PUBLICATION, DISTRIBUTION, ETC. (IMPRINT)
Place of publication Madhura:
Name of publisher Jawahar Pusthakalay,
Year of publication 2015.
300 ## - PHYSICAL DESCRIPTION
Number of Pages 206p.
650 ## - SUBJECT ADDED ENTRY--TOPICAL TERM
Topical Term Poetry Hindi Criticism
650 ## - SUBJECT ADDED ENTRY--TOPICAL TERM
Topical Term Literature Hindi
650 ## - SUBJECT ADDED ENTRY--TOPICAL TERM
Topical Term Literature
942 ## - ADDED ENTRY ELEMENTS (KOHA)
Koha item type Book
Holdings
Withdrawn status Lost status Damaged status Not for loan Permanent Location Current Location Shelving location Date acquired Cost, normal purchase price Full call number Accession Number Price effective from Koha item type
        Sree Sankaracharya University of Sanskrit Sree Sankaracharya University of Sanskrit Stacks 11.01.2018 450.00 H1 009 SUR/H 085925 11.01.2018 Book